Les plus gros transferts du football - Mercato d'hiver 2025 - Statistiques

Statistiques générales
  • Ce quiz a été pris 273 fois
  • Le résultat moyen est 6 sur 10
Statistiques - réponses
Montant de transfert (M €) Nationalité Venant de Allant à Joueur % Correct
75,00 Égypte E. Francfort Manchester City Omar Marmoush
96%
77,00 Colombie Aston Villa Al-Nassr Jhon Durán
87%
50,00 Pays-Bas Paris SG RB Leipzig Xavi Simons
86%
70,00 Georgie Napoli Paris SG Khvicha Kvaratskhelia
74%
40,00 Ouzbékistan RC Lens Manchester City Abdukodir Khusanov
70%
32,00 Mexique Feyenoord AC Milan Santiago Gimenez
62%
60,00 Espagne FC Porto Manchester City Nico González
56%
37,00 Brésil Palmeiras Manchester City Vitor Reis
40%
50,00 Brésil FC Porto Al-Ahli Galeno
26%
33,00 Brésil Botafogo Zenit S-Pb Luiz Henrique
20%
Aucun quiz correspondant
Distribution des résultats
% des personnes avec chaque résultat
Percentile par nombre de réponses
Votre historique - résultats
Vous n’avez pas pris ce quiz